Jinnah: the founder of Pakistan in the eyes of his contemporaries and his documentary records at Lincoln's Inn. (Record no. 549380)
[ view plain ]
| 000 -LEADER | |
|---|---|
| fixed length control field | 00527nam a2200157Ia 4500 |
| 020 ## - INTERNATIONAL STANDARD BOOK NUMBER | |
| International Standard Book Number | 0195778510(hb) |
| 082 ## - DEWEY DECIMAL CLASSIFICATION NUMBER | |
| Classification number | 923.15491 |
| Author Mark | JIN |
| -- | D |
| 245 ## - TITLE STATEMENT | |
| Title | Jinnah: the founder of Pakistan in the eyes of his contemporaries and his documentary records at Lincoln's Inn. |
| 260 ## - PUBLICATION, DISTRIBUTION, ETC. | |
| Place of publication, distribution, etc. | Karachi: Oxford University Press,1998. |
| 300 ## - PHYSICAL DESCRIPTION | |
| Extent | 176p. |
| 526 ## - STUDY PROGRAM INFORMATION NOTE | |
| Program name | 0 |
| Interest level | 0 |
| Reading level | 0 |
| Title point value | 923_154910000000000_JIN |
| 650 ## - SUBJECT ADDED ENTRY--TOPICAL TERM | |
| Topical term or geographic name entry element | Jinnah, Muhammad Ali,1876-1948. |
| 9 (RLIN) | 7100 |
| 650 ## - SUBJECT ADDED ENTRY--TOPICAL TERM | |
| Topical term or geographic name entry element | MCE |
| 9 (RLIN) | 379 |
| 700 ## - ADDED ENTRY--PERSONAL NAME | |
| Personal name | Saleem Qureshi. (comp.). |
| 9 (RLIN) | 46033 |
| 942 ## - ADDED ENTRY ELEMENTS (KOHA) | |
| Source of classification or shelving scheme | |
| Koha item type | Book |
| Withdrawn status | Lost status | Source of classification or shelving scheme | Damaged status | Not for loan | Permanent Location | Current Location | Date acquired | Total Checkouts | Full call number | Barcode | Date last seen | Date last checked out | Price effective from | Koha item type |
|---|---|---|---|---|---|---|---|---|---|---|---|---|---|---|
| Military College of Engineering (MCE) | Military College of Engineering (MCE) | 09/24/2014 | 2 | 923.15491 JIN | MCE-43901 | 09/02/2020 | 08/20/2020 | 09/24/2014 | Book |
